<?xml version="1.0" encoding="UTF-8"?>
<record
    xmlns:xsi="http://www.w3.org/2001/XMLSchema-instance"
    xsi:schemaLocation="http://www.loc.gov/MARC21/slim http://www.loc.gov/standards/marcxml/schema/MARC21slim.xsd"
    xmlns="http://www.loc.gov/MARC21/slim">

  <leader>04879nam a22003977i 4500</leader>
  <controlfield tag="001">B-12135</controlfield>
  <controlfield tag="003">CO-BoFNCP</controlfield>
  <controlfield tag="007">t|| </controlfield>
  <controlfield tag="008">090806s2009    ck     r           spa d </controlfield>
  <datafield tag="040" ind1=" " ind2=" ">
    <subfield code="a">CO-BoFNCP</subfield>
    <subfield code="b">spa</subfield>
    <subfield code="c">CO-BoFNCP</subfield>
    <subfield code="e">rda</subfield>
  </datafield>
  <datafield tag="041" ind1=" " ind2=" ">
    <subfield code="a">spa</subfield>
  </datafield>
  <datafield tag="043" ind1=" " ind2=" ">
    <subfield code="a">ck</subfield>
  </datafield>
  <datafield tag="084" ind1=" " ind2=" ">
    <subfield code="a">A-</subfield>
  </datafield>
  <datafield tag="100" ind1="1" ind2=" ">
    <subfield code="a">Araque T., Leonardo</subfield>
    <subfield code="9">41868,</subfield>
    <subfield code="e">autor.</subfield>
    <subfield code="4">aut</subfield>
  </datafield>
  <datafield tag="245" ind1="1" ind2="0">
    <subfield code="a">An&#xE1;lisis de los sistemas de captura y procesamiento de informaci&#xF3;n para la toma de decisiones en el manejo de los insectos defoliadores de la palma de aceite en Colombia.</subfield>
  </datafield>
  <datafield tag="246" ind1="2" ind2=" ">
    <subfield code="a">Analysis of the information capture and processing systems for decision-making in the management of leaf-eating insects on palm oil plantations in Colombia</subfield>
  </datafield>
  <datafield tag="264" ind1=" " ind2="4">
    <subfield code="c">&#xA9;2009</subfield>
  </datafield>
  <datafield tag="300" ind1=" " ind2=" ">
    <subfield code="a">p&#xE1;ginas 53-67 :</subfield>
    <subfield code="b">Gr&#xE1;ficos.</subfield>
  </datafield>
  <datafield tag="336" ind1=" " ind2=" ">
    <subfield code="a">texto</subfield>
    <subfield code="b">txt</subfield>
    <subfield code="2">rdacontent</subfield>
  </datafield>
  <datafield tag="337" ind1=" " ind2=" ">
    <subfield code="a">sin mediaci&#xF3;n</subfield>
    <subfield code="b">n</subfield>
    <subfield code="2">rdamedia</subfield>
  </datafield>
  <datafield tag="338" ind1=" " ind2=" ">
    <subfield code="a">volumen</subfield>
    <subfield code="b">nc</subfield>
    <subfield code="2">rdacarrier</subfield>
  </datafield>
  <datafield tag="500" ind1=" " ind2=" ">
    <subfield code="a">Contiene resumen en espa&#xF1;ol e ingl&#xE9;s.</subfield>
  </datafield>
  <datafield tag="504" ind1=" " ind2=" ">
    <subfield code="a">Incluye referencias bibliogr&#xE1;ficas.</subfield>
  </datafield>
  <datafield tag="520" ind1=" " ind2=" ">
    <subfield code="a">Defoliator insects in oil palm are a decisive factor in the competitiveness of the sector, due to the fact that they exert a high pressure on the production and the use of inputs. For the management of pests is necessary to quantify the population density of individuals, since these data are defined on the responses of control including different management alternatives. Therefore, to standardize the quality of operational processes will validate technologies at the regional level to reduce costs to the plantations. This work emphasizes the pattern of regular activities to capture, processing and analysis, under the criteria of precision agriculture in the management of an oil palm plant health program. The methodology by conducting a questionnaire to the different profiles involved in a health program, located in seven plantations spread over the four palms zones. The survey process involves twenty-one "factors of decision analysis," which can identify the choice of tactics, strategies and operations associated with management of plant health problems. In the construction of model that identifies stages of acquisition and processing, are more susceptible to inconsistencies due to the greater human manipulation, and the flexibility of the formats used for recording and processing of records from the samples. Based on this model and its associated problems, was designed a generic data acquisition in the field through mobile pda to improve the quality of its processes to: a) reduce the errors due to manipulation of digital data, b) establish standards for the traceability of quality, c) reduce time and costs associated with the process of transferring information.</subfield>
  </datafield>
  <datafield tag="520" ind1=" " ind2=" ">
    <subfield code="a">Las plagas defoliadoras de la palma de aceite impactan negativamente la competitividad del sector, debido a que ocasionan disminuciones en la producci&#xF3;n, aumento en el uso de insumos y, por consiguiente, incremento en los costos. Para controlarlas, es necesario cuantificar sus densidades poblacionales. Cenipalma orient&#xF3; la realizaci&#xF3;n del presente trabajo al montaje de un modelo de captura peri&#xF3;dica, procesamiento y an&#xE1;lisis de informaci&#xF3;n, basado en criterios de agricultura de precisi&#xF3;n, para el monitoreo y manejo de la sanidad vegetal de una plantaci&#xF3;n de palma de aceite. La metodolog&#xED;a parti&#xF3; de un cuestionario dirigido a los distintos involucrados en un programa de sanidad, en siete plantaciones de las cuatro zonas palmeras de Colombia. Involucr&#xF3; 21 "factores de an&#xE1;lisis de decisi&#xF3;n", los cuales permitieron identificar t&#xE1;cticas, estrategias y actividades para tratar los problemas fitosanitarios. Durante la construcci&#xF3;n del modelo se identific&#xF3; que las fases de adquisici&#xF3;n y procesamiento de la informaci&#xF3;n son susceptibles a presentar inconsistencias, debido a manipulaci&#xF3;n humana, flexibilidad de los formatos utilizados para el registro y tratamiento de la informaci&#xF3;n proveniente de los muestreos. Basados en este modelo y considerando su problem&#xE1;tica asociada, se dise&#xF1;&#xF3; una propuesta gen&#xE9;rica de adquisici&#xF3;n de datos en el campo mediante equipos m&#xF3;viles denominados pda (asistente personal digital, por su sigla en ingl&#xE9;s), con el fin de disminuir los errores en la captura y la manipulaci&#xF3;n de los datos, establecer est&#xE1;ndares para la trazabilidad de la calidad, y reducir el tiempo y los costos del proceso de transferencia de informaci&#xF3;n.</subfield>
  </datafield>
  <datafield tag="650" ind1=" " ind2="0">
    <subfield code="a">Agricultura de precisi&#xF3;n.</subfield>
    <subfield code="9">809</subfield>
  </datafield>
  <datafield tag="650" ind1=" " ind2="0">
    <subfield code="a">Factores de an&#xE1;lisis de decisi&#xF3;n</subfield>
    <subfield code="9">32374.</subfield>
  </datafield>
  <datafield tag="650" ind1=" " ind2="0">
    <subfield code="a">Manejo integrado de plagas</subfield>
    <subfield code="9">30521.</subfield>
  </datafield>
  <datafield tag="650" ind1=" " ind2="0">
    <subfield code="a">Modelo de flujo de informaci&#xF3;n</subfield>
    <subfield code="9">33927.</subfield>
  </datafield>
  <datafield tag="650" ind1=" " ind2="0">
    <subfield code="a">Insectos defoliadores.</subfield>
    <subfield code="9">30448</subfield>
  </datafield>
  <datafield tag="650" ind1=" " ind2="0">
    <subfield code="a">Palma de aceite</subfield>
    <subfield code="9">37678.</subfield>
  </datafield>
  <datafield tag="700" ind1="1" ind2=" ">
    <subfield code="a">Forero, Diana C.</subfield>
    <subfield code="9">41483.</subfield>
  </datafield>
  <datafield tag="773" ind1="0" ind2=" ">
    <subfield code="a">Palmas (Colombia)</subfield>
    <subfield code="g">v. 30, no. 1 (2009), p.53-67</subfield>
    <subfield code="w">A-</subfield>
    <subfield code="x">0121-2923</subfield>
  </datafield>
  <datafield tag="942" ind1=" " ind2=" ">
    <subfield code="2">z</subfield>
    <subfield code="c">1</subfield>
  </datafield>
  <datafield tag="952" ind1=" " ind2=" ">
    <subfield code="0">0</subfield>
    <subfield code="1">0</subfield>
    <subfield code="2">z</subfield>
    <subfield code="4">0</subfield>
    <subfield code="7">0</subfield>
    <subfield code="a">2</subfield>
    <subfield code="b">2</subfield>
    <subfield code="d">2013-10-21</subfield>
    <subfield code="l">0</subfield>
    <subfield code="o">A-</subfield>
    <subfield code="p">R-12135</subfield>
    <subfield code="r">2013-10-21 00:00:00</subfield>
    <subfield code="t">Ej. 1</subfield>
    <subfield code="w">2013-10-21</subfield>
    <subfield code="y">1</subfield>
  </datafield>
  <datafield tag="999" ind1=" " ind2=" ">
    <subfield code="c">26552</subfield>
    <subfield code="d">26552</subfield>
  </datafield>
</record>
